Geography of Poland by picture - Statistics

General Stats
  • This quiz has been taken 31 times
  • The average score is 7 of 16
Answer Stats
Picture Answer % Correct
Malbork Castle
90%
Morskie Oko
72%
Wieliczka Salt Mine
72%
Wawel
69%
Royal Castle in Warsaw
62%
Palace of Culture and Science
48%
Jasna Góra Monastery
45%
Książ
45%
Śnieżka
45%
Słowiński National Park
41%
Stary Licheń
38%
Wilanów Palace
38%
Moszna Castle
28%
Vang Stave Church
28%
Kozłówka Palace
14%
Arkadia
10%
No matching quizzes found
Score Distribution
Percent of People with Each Score
Percentile by Number Answered
Your Score History
You have not taken this quiz